000 00710nam a2200289Ia 4500
005 20260324130807.0
008 008 260324s9999 xx 000 0 eng d
020 _a9781315555508
037 _aEBOOK
040 _aCRL
040 _beng
040 _cCRL
041 _2eng
041 _aeng
084 _qCRL
100 _aJohn F. McDiarmid
_91183107
245 4 _aThe Monarchical Republic of Early Modern England
245 0 _bEssays in Response to Patrick Collinson
260 _bTaylor and Francis
260 _c2007
365 _a
365 _b255
856 _uhttp://www.taylorfrancis.com/books/9781315555508
942 _cEBOOK
999 _c1779615
_d1779615